000 00734nam a2200265Ia 4500
003 OSt
005 20221006144101.0
006 a|||||r|||| 00| 0
007 ta
008 221006b |||||||| |||| 00| 0 eng d
020 _c£4.95 (each)
024 _a10,837
037 _cTextual
040 _aEASL
_cEASL
_beng
041 _2eng
_aeng
082 _aQ.41.N5v8, L2;1
100 _aMacinnis Donald E.
_9282870
245 0 _aReligious policy and practice in communist China
_b A documentary History
260 _aNew York
_bMacmillan Company
_c1972
300 _a392p.
_ccm.
490 _v CEL
650 _aCEL
942 _hQ.41.N5v8, L2;1
_cTEXL
_2CC
999 _c1078923
_d1078923